Quizzes
Events
Quiz Creation
Community
Videos
Private Events
Remove Ads
Sign In
Join for FREE
Feedback
Dark Mode
Quiz Categories
Sports
Geography
Music
Movies
Television
Just For Fun
Miscellaneous
History
Literature
Language
Science
Gaming
Entertainment
Religion
Holiday
For Kids
Quiz Lab
Recent
Popular Today
Quiz Kudos Today
Editor Picks
Curator Picks
Quizzes by...
Day
Popularity
Type
Ratings
Length
Year
Community
Subscriptions
Recent Discussions
Orange Saloon
Badges
Playlists
Quests
Create
Leaderboards
Showdown
Live 5
Trivia Bingo
Activity
Puzzle Library
Sporcle Events
Private Events
Virtual Trivia
Globe League
Become a Host
Pub Owners
SporcleCon
Opinionation
Our Games
Videos
Blog
Mobile Apps
Partnerships
Remove Ads and Go Orange
Feedback
History
US Presidents
World Leaders
Politics
Nation
Discovery
War
Decade
Year
Century
Biography
Art
History
US Presidents
World Leaders
Politics
Nation
Discovery
War
Decade
Year
Century
Biography
Art
Random Quiz
Search Sporcle
×
Quiz Lab
Quiz Lab
History
Changed
Type in answers that appear in a list
Type in answers that appear in a list
Classic
Best Score? Go Orange.
U.S. Navy Discontinued Enlisted Ratings Stats
Can you name the following changed or discontinued U.S. Navy enlisted ratings?
By
regaltdp
6m
24 Questions
56 Plays
56 Plays
56 Plays
Comments
Comments
Give Quiz Kudos
Give Quiz Kudos
-
- Ratings
hide this ad
Replay
Link that replays current quiz
Next Quiz
Link to next quiz in quiz playlist
You Got
0%
They Got
Avg Score
49%
Avg Friend Score
Upgrade to see
Score Distribution
Jump to the score distribution portion of the page
Score
0/24
Timer
06:00
0
Plays Today
Abbreviation
Rating
% Correct
SK
Storekeeper
83.9%
RM
Radioman
80.4%
JO
Journalist
76.8%
MS
Mess Specialist
73.2%
LI
Lithographer
69.6%
TM
Torpedoman's Mate
67.9%
BT
Boiler Technician
66.1%
PH
Photographer's Mate
64.3%
PN
Personnelman
64.3%
SM
Signalman
62.5%
PC
Postal Clerk
60.7%
AK
Aviation Storekeeper
58.9%
Abbreviation
Rating
% Correct
DK
Disbursing Clerk
58.9%
DT
Dental Technician
58.9%
DM
Draftsman
37.5%
DP
Data Processing Technician
37.5%
RD
Radarman
35.7%
DS
Data Systems Technician
32.1%
EW
Electronic Warfare Technician
32.1%
WT
Weapons Technician
30.4%
IM
Instrumentman
23.2%
CTA
Cryptologic Technician Administration
16.1%
AX
Aviation Antisubmarine Warfare Technician
5.4%
PT
Photograph Intelligenceman
1.8%
Quiz Playlist
Details
Report
Send in Message
Add To Playlist
Classic:
Type in answers that appear in a list
Quiz Source
Last Updated: Feb 16, 2017
Quiz Scoreboard
CHALLENGE
Sign Up to Join the Scoreboard
Show All
Scores
Hide
Comments
May contain spoilers
Recently Published
Decade Duel: World Leaders
by jenniferyan
History
4m
Alphabetical 'K' Countries by Flag Minefield
by ylime102
Geography
3m
Pick 6: Fruits
by JohnFran
Miscellaneous
15s
More to Explore
Quiz From the Vault
Featured Blog Post
15 Basketball Trivia Facts You Can Be March Mad About
hide this ad
You Might Also Like...
Tags
Abbreviation
Changed
Discontinued
Enlisted
Merge
Navy
Rating
US Navy
Today's Top Quizzes in History
Browse History
hide this ad
Today's Top Quizzes in Changed
Browse Changed
Top Contributed Quizzes in History
1
I Am Born On March 19th
2
Famous Spring Paintings
3
Art in Bloom
4
Decade Duel: US Presidents of the 1900s
5
Arab Spring Nations
6
Decade Duel: US Presidents of the 1800s
7
History by Year: 1980s
8
Nickname Match: World Leaders II
9
'NCAA' US History
10
I Am Born On March 18th
Explore More
Trending Topics
Harry Potter
Crossword
Marvel
Kpop
NBA
Anime
Disney
WWE
Country
Pokémon
Puzzle
The Office
Soccer
Song
NFL
hide this ad
More By:
regaltdp
Quiz
Plays
Rating
Category
Featured
Created
U.S. Midwest Cities
3,512
4.62
Geography
May 11, 2010
Mortal Kombat: Armageddon
2,507
4.56
Gaming
Jun 13, 2010
Top 100 Midwest Cities
2,017
4.82
Geography
Sep 28, 2016
NCAA FBS College Towns (2023)
1,838
5.00
Sports
Dec 1, 2010
Largest Michigan High Schools
1,128
5.00
Sports
Mar 28, 2011
Go to Creator's Profile
Score Distribution
Quiz Creator Spotlight
regaltdp
Follow
Send a Message
Quizzes Created
-
Created Quiz Play Count
-
More By This Creator
Popular Quizzes Today
1
Countries of Asia Without Outlines Minefield
2
Find the US States - No Outlines Minefield
3
Pick 6: Fruits
4
The Countries of the World
5
Alphabetical 'K' Countries by Flag Minefield
6
Find the Countries of Europe - No Outlines Minefield
7
US States
8
Find the US States
More History Quizzes
U.S. Presidents: Now Serving!
Curator's Pick
Trending Quizzes
Pick 6: Mountains
Pick 6: Harry Potter
Pick 6: Flags
Pick 6: NFL Teams
Pick 6: Movie Franchises
Recently Updated
Adaptations: Name the Title
pecheneg
NWSL Teams
pecheneg
Women's Final Four Teams by Year
bhenderson79
Presidents Quartet II
eogle
Anything But Clue(do)
eogle
Anything But Oceanian Capitals
eogle
Anything But 7
eogle
Anything But Thing
eogle
Word Ladder: February 29
pecheneg
Song Title Questions
pecheneg
Trending Topics
Harry Potter
NBA
Anime
Marvel
Kpop
Disney
Crossword
WWE
The Office
Puzzle
Pokémon
NFL
Country
Song
Soccer
Your Account Isn't Verified!
In order to create a playlist on Sporcle, you need to verify the email address you used during registration. Go to your
Sporcle Settings
to finish the process.
Report this User
Report this user for behavior that violates our
Community Guidelines
.
Details:
Send Report
Go to the Sporcle.com Mobile Site →
Comments